| 000 | 00445 a2200145 4500 | ||
|---|---|---|---|
| 999 |
_c4053 _d4053 |
||
| 020 | _a040931207X | ||
| 050 | _aKU444 ROS 1997 | ||
| 100 |
_aRoss, S. _eauthor |
||
| 245 |
_aLawyers' responsibility and accountability: _bcases, problems and commentary/ _cS. Ross and P. Macfarlane |
||
| 264 |
_aSydney _bButterworths _c1997 |
||
| 300 | _a477p.: | ||
| 500 | _aLawyers responsibility | ||
| 650 | _aLawyers' relationship | ||
| 942 |
_2lcc _cBK _h444 _iROS _kKU |
||